000 00827nam a2200265Ia 4500
003 OSt
005 20220925224659.0
006 a|||||r|||| 00| 0
007 ta
008 220923b |||||||| |||| 00| 0 eng d
020 _a0710210825
_ceuro 1595
037 _b16887, 04/01/1988, S.S.S
_cGeneral Book
040 _aRTL
_cRTL
_beng
041 _2eng
_aeng
082 _aY9(L:4), M7
100 _aReznek Lawrie
_9291372
245 0 _aNature of disease
260 _aLondon
_bRoutledge and Kegan Paul
_c1987
300 _ax,227p
_ccm.
490 _aStudies in the Philosophy of Science. Philosophical Issues in Science
500 _aBibilography: P 214-22
650 _aSociology of medicine
942 _hY9(L:4), M7
_cGB
_2CC
999 _c581964
_d581964